Population dynamics of Leptopharsa heveae Drake & Poor, 1935 (Hemiptera, Tingidae) on clones of rubber trees, in Rosario Oeste, State of Mato Grosso, Brazil (Record no. 65310)

MARC details
000 -LEADER
fixed length control field 00549nam a2200169Ia 4500
100 ## - MAIN ENTRY--AUTHOR NAME
Personal name Peres Filho O
245 #0 - TITLE STATEMENT
Title Population dynamics of Leptopharsa heveae Drake & Poor, 1935 (Hemiptera, Tingidae) on clones of rubber trees, in Rosario Oeste, State of Mato Grosso, Brazil
260 ## - PUBLICATION, DISTRIBUTION, ETC. (IMPRINT)
Name of publisher Revista de Agricultura Piracicaba
Year of publication 2005
300 ## - PHYSICAL DESCRIPTION
Number of Pages 113-126
650 ## - SUBJECT ADDED ENTRY--TOPICAL TERM
Topical Term Rubber clones
700 ## - ADDED ENTRY--PERSONAL NAME
Personal name Berti Filho E
700 ## - ADDED ENTRY--PERSONAL NAME
Personal name Dall Oglio O T
700 ## - ADDED ENTRY--PERSONAL NAME
Personal name Dorval A
856 ## - ELECTRONIC LOCATION AND ACCESS
Uniform Resource Identifier CAB CD
942 ## - ADDED ENTRY ELEMENTS (KOHA)
Koha item type Journals
Holdings
Withdrawn status Lost status Damaged status Not for loan Home library Current library Shelving location Date acquired Serial Enumeration / chronology Koha item type
      Journals RRII Library RRII Library Mycology 29/06/2006 Volume 80, Issue 1 Journals